Shakespeare Characters from 'Much Ado About Nothing' - Statistics

General Stats
  • This quiz has been taken 364 times
  • The average score is 11 of 16
Answer Stats
Answer % Correct
Hero
97%
Beatrice
95%
Benedick
95%
Claudio
90%
Don John
90%
Don Pedro
85%
Leonato
72%
Margaret
66%
Dogberry
63%
Ursula
58%
Antonio
57%
Borachio
56%
Verges
41%
Conrade
37%
Balthasar
27%
Friar Francis
25%
No matching quizzes found
Score Distribution
Percent of People with Each Score
Percentile by Number Answered
Your Score History
You have not taken this quiz